| 000 | 01018nam a22003137a 4500 | ||
|---|---|---|---|
| 001 | 0038815 | ||
| 003 | KOHA_MİRAKIL | ||
| 005 | 20260207003111.0 | ||
| 007 | ta | ||
| 008 | 121017b1978 tu |||gr||||#||||0|eng | | ||
| 040 |
_aTR-BiSEU _btur _cTR-BiSEU _erda |
||
| 041 | 0 | _aeng | |
| 044 | _ctu | ||
| 050 |
_aQE316 _b.G46 1978 |
||
| 245 | 0 | 4 |
_aThe geology of Lake Van/ _cedited by E.T. Degens and F. Kurtman. |
| 264 | 1 |
_aAnkara : _bMaden Tetkik ve Arama Enstitüsü _c1978 |
|
| 300 |
_aviii, 157 pages: ill., maps (some folded) ; _c28 cm. |
||
| 336 |
_ametin _btxt _2rdacontent |
||
| 337 |
_aaracısız _bn _2rdamedia |
||
| 338 |
_acilt _bnc _2rdacarrier |
||
| 490 | 1 |
_aMaden Tetkik ve Arama Enstitüsü yayınlarından ; _vno. |
|
| 490 | 1 | _a169 | |
| 500 | _aEnglish and Turkish. | ||
| 500 | _aIncludes bibliographical references. | ||
| 650 | 0 |
_aGeology--Turkey--Van Lake region. _972426 |
|
| 830 | 1 |
_aMaden Tetkik ve Arama Enstitüsü yayınlarından ; _vno. _937364 |
|
| 830 | 1 |
_a169 _96940 |
|
| 942 |
_2lcc _cBK |
||
| 999 |
_c38669 _d38669 |
||